| 000 | 00433nam a2200145Ia 4500 | ||
|---|---|---|---|
| 008 | 211109s9999||||xx |||||||||||||| ||und|| | ||
| 082 |
_a894.8121 _bCHE-K |
||
| 100 | _aCherussery, | ||
| 245 | 0 | _aKaliyamardhanavum Hrithuvarnanavum | |
| 260 |
_bS h LEAGUE, ALWAYE NORTH P.O KERALA _aINDIA _c1950 |
||
| 300 | _a20p. | ||
| 630 | _xGeneral Stack | ||
| 650 |
_aLiterature _vMalayalam LiteratureMalayalam Poetry _xGeneralia |
||
| 942 | _cBOOK | ||
| 999 |
_c14341 _d14341 |
||